<?xml version="1.0" encoding="UTF-8"?>
<marc:record xmlns:marc="http://www.loc.gov/MARC21/slim">
   <marc:leader>00000nam a2200000 a 4500</marc:leader>
   <marc:datafield ind1="1" ind2=" " tag="100">
      <marc:subfield code="a">Horne, Sarah</marc:subfield>
      <marc:subfield code="4">aut</marc:subfield>
      <marc:subfield code="e">Verfasser/-in</marc:subfield>
   </marc:datafield>
   <marc:datafield ind1="1" ind2=" " tag="100">
      <marc:subfield code="a">Wilson, Anna</marc:subfield>
      <marc:subfield code="4">aut</marc:subfield>
      <marc:subfield code="e">Verfasser/-in</marc:subfield>
   </marc:datafield>
   <marc:datafield ind1="0" ind2="0" tag="245">
      <marc:subfield code="a">Panda at the Door</marc:subfield>
   </marc:datafield>
   <marc:datafield ind1="0" ind2="0" tag="245">
      <marc:subfield code="c">Sarah Horne ; Anna Wilson</marc:subfield>
   </marc:datafield>
   <marc:datafield ind1=" " ind2="1" tag="264">
      <marc:subfield code="b">Chicken House Ltd</marc:subfield>
      <marc:subfield code="c">2021</marc:subfield>
   </marc:datafield>
   <marc:datafield ind1="1" ind2=" " tag="520">
      <marc:subfield code="a">Paddington meets Mary Poppins in this modern-day family adventure from writer and illustrator Sarah Horne! 'Adorable fun!' SARAH MCINTYRE 'An upbeat read full of lively illustrations.' THE MIRROR NEWSPAPER 'Panda at the Door explores a family break-up with sensitivity at heart' BIG ISSUE NORTH Pudding the Panda makes everyone smile at Edinburgh Zoo. But what would make her truly happy is a family to take care of - like her heroine, Mary Poppins. Meanwhile, Callum is having a hard time at home. His parents keep arguing, his sister is annoying and his ninth birthday gift is a certificate for an 'adopted' panda when all he wanted was Lego. Then by a twist of fate, the unbelievable happens and the two come together on Callum's front doorstep. Get ready for pandamonium ... The first in a new series, fully illustrated by author Sarah Horne (bestselling illustrator of Charlie Changes into a Chicken). A modern-day family adventure: Paddington Bear meets Mary Poppins. Explores themes of childhood anxiety, family break-up, bullying, friendship and love.</marc:subfield>
   </marc:datafield>
   <marc:datafield ind1=" " ind2=" " tag="020">
      <marc:subfield code="a">9781911490012</marc:subfield>
      <marc:subfield code="9">9781911490012</marc:subfield>
   </marc:datafield>
   <marc:datafield ind1=" " ind2=" " tag="020">
      <marc:subfield code="a">191149001X</marc:subfield>
      <marc:subfield code="9">191149001X</marc:subfield>
   </marc:datafield>
   <marc:datafield ind1=" " ind2=" " tag="500">
      <marc:subfield code="a">Ill.</marc:subfield>
   </marc:datafield>
   <marc:datafield ind1="0" ind2=" " tag="490">
      <marc:subfield code="v">0</marc:subfield>
   </marc:datafield>
   <marc:datafield ind1=" " ind2=" " tag="300">
      <marc:subfield code="a">173 Seiten</marc:subfield>
   </marc:datafield>
</marc:record>
